نظرة استراتيجية على مملكة البحرين والمنطقة العربية في إطار دولي / (Record no. 5766)
[ view plain ]
| 000 -الفاتح | |
|---|---|
| حقل البيانات ثابتة الطول | 00982nac a22002051u 4500 |
| 008 - عناصر البيانات ثابتة الطول - معلومات عامة | |
| حقل البيانات ثابتة الطول | 090318s20032005xxu||||| |||| 00| 0 ara d |
| 020 ## - الرقم الدولى المعيارى للكتب | |
| الرقم الدولى المعيارى للكتاب | 9990104522 (ج 1) |
| 020 ## - الرقم الدولى المعيارى للكتب | |
| الرقم الدولى المعيارى للكتاب | 9990109478 (ج 2) |
| 020 ## - الرقم الدولى المعيارى للكتب | |
| الرقم الدولى المعيارى للكتاب | 9990109583 (ج 3) |
| 082 ## - رقم تصنيف ديوى العشرى | |
| رقم التصنيف | 327.1565 |
| رقم المادة | غ ت م |
| 100 1# - المدخل الرئيسى - إسم شخصى | |
| الإسم الشخصى | الغتم ، محمد بن جاسم |
| 9 (RLIN) | 20427 |
| 245 ## - بيان العنوان | |
| العنوان | نظرة استراتيجية على مملكة البحرين والمنطقة العربية في إطار دولي / |
| بيان المسئوليه,etc | محمد بن جاسم الغتم ، محمد نعمان جلال |
| 260 ## - PUBLICATION, DISTRIBUTION, ETC. (IMPRINT) | |
| مكان الناشر او الموزع | المنامة : |
| اسم الناشر او الموزع | مركز البحرين للدراسات والبحوث ،2003 - 2005. |
| تاريخ النشر أو التوزيع | 2003 - 2005. |
| 300 ## - الوصف المادى | |
| التعداد | 3 مج ؛ |
| أبعاد الوعاء | 24 سم. |
| 504 ## - تبصرة ببليوجرافية | |
| تبصرة ببليوجرافية,الخ | يشتمل على إرجاعات ببليوجرافية |
| 650 ## - المدخل الاضافى بالموضوع-مصطلح موضوعى | |
| مصطلح موضوعي أو اسم جغرافي كعنصر مدخل | السياسة الدولية |
| 9 (RLIN) | 17594 |
| 650 ## - المدخل الاضافى بالموضوع-مصطلح موضوعى | |
| مصطلح موضوعي أو اسم جغرافي كعنصر مدخل | البحرين |
| 9 (RLIN) | 20429 |
| التقسيم الفرعي العام | الأحوال السياسية |
| 650 ## - المدخل الاضافى بالموضوع-مصطلح موضوعى | |
| مصطلح موضوعي أو اسم جغرافي كعنصر مدخل | العالم العربي |
| 9 (RLIN) | 20430 |
| التقسيم الفرعي العام | الأحوال السياسية |
| 942 ## - عناصر المدخل الإضافي( كوها) | |
| Koha [default] item type | Book - Borrowing |
| سابقة رقم الطلب | 327.1537غ ت م |
| مصدر التصنيف او مخطط الترفيف | Dewey Decimal Classification |
| حالة التراجع | حالة الفقد | مصدر التصنيف او خطة الترفيف | حالة تلف | ليس للاعارة | مجموعات كوها | المكان الدائم | المكان الحالي | موقع الترفيف | تاريخ الاكتساب | Source of acquisition | رقم الاستدعاء | الباركود | Date last seen | نوع الوعاء | تبصرة عامة | تحديد مواد ( مجلدات مجمعه أو جزء أخر) |
|---|---|---|---|---|---|---|---|---|---|---|---|---|---|---|---|---|
| Dewey Decimal Classification | Alef-Baa | Central Library | Central Library | First floor | 07/11/2005 | 327.15365 غ ت م | 000007417 | 15/07/2025 | Book - Borrowing | الكتاب الأول | ||||||
| Dewey Decimal Classification | Alef-Baa | Central Library | Central Library | First floor | 17/10/2010 | 327.15365 غ ت م | 000007415 | 15/07/2025 | Book - Borrowing | الكتاب الثاني | ||||||
| Dewey Decimal Classification | Alef-Baa | Central Library | Central Library | First floor | 17/10/2010 | 327.15365 غ ت م | 000007416 | 15/07/2025 | Book - Borrowing | الكتاب الثالث | Lost_In_Inventory_11-6-2024 |